"Igitur ego in dei nomen drado" a ChLA pergamenjeinek lexikológiája : [absztrakt] /

Elmentve itt :
Bibliográfiai részletek
Szerző: Lengyel Rita
Testületi szerző: Országos Tudományos Diákköri Konferencia (37.)
Dokumentumtípus: Könyv része
Megjelent: Szegedi Tudományegyetem Bölcsészet- és Társadalomtudományi Kar Szeged 2025
Sorozat:Országos Tudományos Diákköri Konferencia : Humán Tudományi Szekció
Kulcsszavak:Magánjog - 8. sz. - forrás - előadáskivonat, Oklevéltan - középkor - forrás - előadáskivonat, Lexikológia - előadáskivonat, Terminológia - előadáskivonat
Tárgyszavak:
Online Access:http://acta.bibl.u-szeged.hu/87543
LEADER 01118naa a2200229 i 4500
001 acta87543
005 20250528122021.0
008 250528s2025 hu o 100 hun d
020 |a 978-963-688-043-9 
040 |a SZTE Egyetemi Kiadványok Repozitórium  |b hun 
041 |a hun 
100 1 |a Lengyel Rita 
245 1 0 |a "Igitur ego in dei nomen drado"  |h [elektronikus dokumentum] :  |b a ChLA pergamenjeinek lexikológiája : [absztrakt] /  |c  Lengyel Rita 
260 |a Szegedi Tudományegyetem Bölcsészet- és Társadalomtudományi Kar  |b Szeged  |c 2025 
300 |a 175 
490 0 |a Országos Tudományos Diákköri Konferencia : Humán Tudományi Szekció 
650 4 |a Bölcsészettudományok 
650 4 |a Történettudomány és régészet 
650 4 |a Nyelvek és irodalom 
695 |a Magánjog - 8. sz. - forrás - előadáskivonat, Oklevéltan - középkor - forrás - előadáskivonat, Lexikológia - előadáskivonat, Terminológia - előadáskivonat 
710 |a Országos Tudományos Diákköri Konferencia (37.)  |c Szeged 
856 4 0 |u http://acta.bibl.u-szeged.hu/87543/1/otdk_2025_human_175.pdf  |z Dokumentum-elérés